Guess the Movie - Minimalistic Pictures #7 - Statistics

General Stats
  • This quiz has been taken 90 times
  • The average score is 12 of 20
Answer Stats
Picture Hint Answer % Correct
2014 Captain America: The Winter Soldier
93%
2014 John Wick
91%
1995 Casper
85%
2001 Monsters, Inc.
81%
2013 Man of Steel
78%
1994 Ace Ventura Series
76%
2012 Skyfall
73%
1951 Alice in Wonderland
72%
1988 Die Hard
68%
2006 Snakes on a Plane
68%
2010 The Social Network
66%
2005 Corpse Bride
58%
2011 Mr. Popper's Penguins
50%
1996 Independence Day
47%
2013 We're the Millers
47%
2008 Mamma Mia!
38%
2010 Tron
38%
2003 The Italian Job
16%
1998 The X-Files
14%
2012 Argo
12%
No matching quizzes found
Score Distribution
Percent of People with Each Score
Percentile by Number Answered
Your Score History
You have not taken this quiz